| 000 | 00610cam a22001931 4500 | ||
|---|---|---|---|
| 082 |
_a621 _bSHO _cL-13, P-44 |
||
| 100 | 1 |
_aShoop, Charles Franklin, _941115 |
|
| 245 | 1 | 0 |
_aMechanical engineering practice; _ba laboratory reference text. |
| 250 | _a4th ed. | ||
| 260 |
_aNew York, _bMcGraw-Hill Book Co., _c1949. |
||
| 300 | _a513 p. | ||
| 526 |
_a0 _b0 _c0 _d621_000000000000000_SHO |
||
| 526 |
_a0 _b0 _c0 _d621_000000000000000_SHO |
||
| 650 | 0 |
_aMCE _9379 |
|
| 650 | 0 |
_aMechanical engineering laboratories. _941029 |
|
| 650 | 0 | _aMechanical engineering. | |
| 700 | 1 |
_aTuve, George L. _941116 |
|
| 942 |
_2ddc _cBK |
||
| 999 |
_c545304 _d545304 |
||